<?xml version="1.0" encoding="UTF-8"?>
<record
    xmlns:xsi="http://www.w3.org/2001/XMLSchema-instance"
    xsi:schemaLocation="http://www.loc.gov/MARC21/slim http://www.loc.gov/standards/marcxml/schema/MARC21slim.xsd"
    xmlns="http://www.loc.gov/MARC21/slim">

  <leader>02945cam a2200313   4500500</leader>
  <controlfield tag="005">20260111081235.0</controlfield>
  <datafield tag="041" ind1=" " ind2=" ">
    <subfield code="a">fre</subfield>
  </datafield>
  <datafield tag="042" ind1=" " ind2=" ">
    <subfield code="a">dc</subfield>
  </datafield>
  <datafield tag="100" ind1="1" ind2="0">
    <subfield code="a">Dhahri, Amen</subfield>
    <subfield code="e">author</subfield>
  </datafield>
  <datafield tag="245" ind1="0" ind2="0">
    <subfield code="a">L&#x2019;inclusion scolaire des &#xE9;l&#xE8;ves ayant un Trouble du Spectre Autistique entre pratiques p&#xE9;dagogiques et repr&#xE9;sentations des professeurs des &#xE9;coles tunisiennes</subfield>
  </datafield>
  <datafield tag="260" ind1=" " ind2=" ">
    <subfield code="c">2024.
							</subfield>
  </datafield>
  <datafield tag="500" ind1=" " ind2=" ">
    <subfield code="a">97</subfield>
  </datafield>
  <datafield tag="520" ind1=" " ind2=" ">
    <subfield code="a">La pr&#xE9;sente recherche traite la question de la scolarisation des &#xE9;l&#xE8;ves ayant un TSA dans le cadre du principe d&#x2019;&#xE9;ducabilit&#xE9; et d&#x2019;&#xE9;quit&#xE9; en faveur de tous les &#xE9;l&#xE8;ves. L&#x2019;objectif est de cerner les pratiques p&#xE9;dagogiques adopt&#xE9;es par les professeurs des &#xE9;coles, les repr&#xE9;sentations qu&#x2019;ils v&#xE9;hiculent &#xE0; propos des &#xE9;l&#xE8;ves ayant un TSA ainsi que les obstacles qui peuvent freiner l&#x2019;inclusion scolaire en Tunisie. Pour ce faire, nous avons adopt&#xE9; une approche qualitative bas&#xE9;e sur l&#x2019;analyse des entretiens d&#x2019;explicitation des professeurs des &#xE9;coles tunisiennes. Les r&#xE9;sultats montrent que les enseignants qui se placent en faveur de l&#x2019;&#xE9;ducation inclusive adopteraient des am&#xE9;nagements et tireraient profit de la diff&#xE9;renciation p&#xE9;dagogique. Ainsi, les pratiques des enseignants sont en partie corr&#xE9;l&#xE9;es avec leurs repr&#xE9;sentations autour de l&#x2019;&#xE9;ducation inclusive. D&#x2019;autre part, la formation initiale et continue joue un r&#xF4;le d&#xE9;terminant dans les pratiques adopt&#xE9;es ainsi que les repr&#xE9;sentations v&#xE9;hicul&#xE9;es par les enseignants.</subfield>
  </datafield>
  <datafield tag="520" ind1=" " ind2=" ">
    <subfield code="a">This research addresses the issue of schooling of students with ASD within the framework of the principle of educability and equity for all students. The aim is to identify the pedagogical practices adopted by school teachers, the representations they convey about students with ASD, as well as the obstacles that may hinder inclusion. To achieve this, we adopted a qualitative approach based on the analysis of explanatory interviews. The results show that teachers in favor of inclusive education would adopt accommodations and benefit from pedagogical differentiation. Thus, teachers&#x2019; practices correlated with their representations of inclusive education. On the other hand, initial and in-service training play a decisive role in the practices adopted and the representations conveyed by teachers.</subfield>
  </datafield>
  <datafield tag="690" ind1=" " ind2=" ">
    <subfield code="a">diff&#xE9;renciation p&#xE9;dagogique</subfield>
  </datafield>
  <datafield tag="690" ind1=" " ind2=" ">
    <subfield code="a">&#xE9;ducabilit&#xE9;</subfield>
  </datafield>
  <datafield tag="690" ind1=" " ind2=" ">
    <subfield code="a">formation</subfield>
  </datafield>
  <datafield tag="690" ind1=" " ind2=" ">
    <subfield code="a">pratiques p&#xE9;dagogiques</subfield>
  </datafield>
  <datafield tag="690" ind1=" " ind2=" ">
    <subfield code="a">repr&#xE9;sentations</subfield>
  </datafield>
  <datafield tag="690" ind1=" " ind2=" ">
    <subfield code="a">TSA</subfield>
  </datafield>
  <datafield tag="690" ind1=" " ind2=" ">
    <subfield code="a">ASD</subfield>
  </datafield>
  <datafield tag="690" ind1=" " ind2=" ">
    <subfield code="a">educability</subfield>
  </datafield>
  <datafield tag="690" ind1=" " ind2=" ">
    <subfield code="a">educational differentiation</subfield>
  </datafield>
  <datafield tag="690" ind1=" " ind2=" ">
    <subfield code="a">representations</subfield>
  </datafield>
  <datafield tag="690" ind1=" " ind2=" ">
    <subfield code="a">teaching practices</subfield>
  </datafield>
  <datafield tag="690" ind1=" " ind2=" ">
    <subfield code="a">training</subfield>
  </datafield>
  <datafield tag="786" ind1="0" ind2=" ">
    <subfield code="n">L&#x2019;Ann&#xE9;e de la recherche en sciences de l&#x2019;&#xE9;ducation | 1 | 1 | 2024-10-31 | p. 204-218 | 1254-6852</subfield>
  </datafield>
  <datafield tag="856" ind1="4" ind2="1">
    <subfield code="u">https://shs.cairn.info/revue-l-annee-de-la-recherche-en-sciences-de-leducation-2025-2-page-204?lang=fr&amp;redirect-ssocas=7080</subfield>
  </datafield>
  <datafield tag="999" ind1=" " ind2=" ">
    <subfield code="c">1616865</subfield>
    <subfield code="d">1616865</subfield>
  </datafield>
</record>
